Pytania odnośnie Ameryki - Statystyki

Ogólne statystyki
  • Ten quiz został rozwiązany 26 razy
  • Średni wynik to 6 z 10
Statystyki odpowiedzi
Pytania Odpowiedzi % Poprawnych
Które państwo w Ameryce Południowej jest największe pod względem powierzchni? Brazylia
95%
Jakie jest najwyższe pasmo górskie w Ameryce Południowej? Andy
76%
Jaka jest najdłuższa rzeka w Ameryce Północnej? Missisipi
71%
W którym kraju znajduje się Machu Picchu? Peru
71%
Które państwo w Ameryce Północnej jest największe pod względem liczby ludności? Stany Zjednoczone
71%
Jak nazywa się wodospad na granicy Stanów Zjednoczonych i Kanady? Niagara
62%
Które państwo Ameryki Środkowej ma dostęp zarówno do Oceanu Atlantyckiego, jak i Spokojnego? Panama
57%
W jakim mieście odbyły się igrzyska olimpijskie w 2016 roku? Rio de Janeiro
48%
Jak nazywa się pustynia w Ameryce Południowej, uznawana za najsuchsze miejsce na Ziemi? Atakama
29%
Jak nazywa się największe jezioro w Ameryce Północnej? Jezioro Górne
10%
Nie znaleziono quizów pasujących do podanych kryteriów
Rozkład punktacji
Procent ludzi z każdym wynikiem
Percentyl według liczby udzielonych odpowiedzi
Twoja historia wyników
Nie rozwiązałeś tego quizu